Rice Programs : hearings before the United States Senate Committee on Agriculture and Forestry, Subcommittee on Rice Programs, Eighty-Fourth Congress, first session, on May 23-26, 1955.

Considers various two-price rice marketing systems.

Bibliographic Details
Corporate Authors: United States. Congress. Senate. Committee on Agriculture and Forestry. Subcommittee on Rice Programs, ProQuest (Firm)
Format: Government Document eBook
Language:English
Published: Washington : U.S. G.P.O., 1955.
Series:U.S. Congressional Hearings.
Subjects:
Online Access:Connect to the full text of this electronic book

MARC

Tag First Indicator Second Indicator Subfields
LEADER 00000cam a22000001a 4500
001 in00003199150
006 m d f
007 cr bn mmmapmmp
008 090623s1955 dcu o f000 0 eng d
005 20260511211032.0
035 |a cis2007424803 
040 |a UMI  |c UMI  |d UtOrBLW 
043 |a n-us--- 
086 0 |a Y 4.Ag 8/2:R 36/2 
099 |a HRG-1955-AFS-0009 
110 1 |a United States.  |b Congress.  |b Senate.  |b Committee on Agriculture and Forestry.  |b Subcommittee on Rice Programs. 
245 1 0 |a Rice Programs :  |b hearings before the United States Senate Committee on Agriculture and Forestry, Subcommittee on Rice Programs, Eighty-Fourth Congress, first session, on May 23-26, 1955. 
264 1 |a Washington :  |b U.S. G.P.O.,  |c 1955. 
300 |a 1 online resource. 
336 |a text  |b txt  |2 rdacontent 
337 |a computer  |b c  |2 rdamedia 
338 |a online resource  |b cr  |2 rdacarrier 
500 |a Record is based on bibliographic data in ProQuest Congressional Hearings Digital Collection. Reuse except for individual research requires license from ProQuest, LLC. 
520 |a Considers various two-price rice marketing systems. 
538 |a System requirements: PDF reader software. 
500 |a Electronic resource. 
650 0 |a Rice  |x Law and legislation  |z United States. 
655 7 |a Electronic books.  |2 local 
710 2 |a ProQuest (Firm) 
776 0 8 |i Print version:  |a United States. Congress. Senate. Committee on Agriculture and Forestry. Subcommittee on Rice Programs.  |t Rice Programs 
776 0 8 |i Microfiche version:  |a United States. Congress. Senate. Committee on Agriculture and Forestry. Subcommittee on Rice Programs.  |t Rice Programs.  |d [Bethesda, Md.] : ProQuest,[2004]  |o CIS Hrgs MF Gp 3--(84) S1151-3  |w (ProQuest)cis10603266 
830 0 |a U.S. Congressional Hearings. 
856 4 0 |u http://proxy.library.tamu.edu/login?url=https://congressional.proquest.com/congcomp/getdoc?HEARING-ID=HRG-1955-AFS-0009  |z Connect to the full text of this electronic book  |t 0 
998 |a cis10603266 
999 |a MARS 
999 f f |s 0b9d9e86-f871-3101-a660-da302c418703  |i a1586719-87ce-32f3-a736-ba8a3b3651c5  |t 0 
952 f f |a Texas A&M University  |b College Station  |c Electronic Resources  |s www_evans  |d Available Online  |t 0  |e HRG-1955-AFS-0009  |h Other scheme 
998 f f |a HRG-1955-AFS-0009  |t 0  |l Available Online